000 00664nam a2200277Ia 4500
005 20260324125112.0
008 008 260324s9999 xx 000 0 eng d
020 _a9781849770224
037 _aEBOOK
040 _aCRL
040 _beng
040 _cCRL
041 _2eng
041 _aeng
084 _qCRL
100 _aBaker Nick
_91176698
245 4 _aThe Handbook of Sustainable Refurbishment: Non-Domestic Buildings
260 _bTaylor and Francis
260 _c2009
365 _a
365 _b240
856 _uhttp://www.taylorfrancis.com/books/9781849770224
942 _cEBOOK
999 _c1771657
_d1771657